Mixed Word Safe Cracker III Quiz Stats

 Plays Quiz Updated Nov 9, 2018

Challenge
Share
Tweet
Score 0/60 Timer 03:00
1 Play Today
Scramble Word % Correct
????
100%
????
99.5%
????
99.3%
????
99.1%
????
98.8%
????
96.5%
????
96.3%
????
96.2%
????
96%
????
92.2%
????
91.9%
????
90.5%
????
89.5%
????
74.7%
????
74.6%
????
74.5%
????
74.4%
????
67.6%
????
67.5%
????
67%
????
63.7%
????
63.6%
????
61.7%
????
60.6%
????
60.4%
????
60.2%
????
60%
????
59.8%
????
58%
????
56.9%
Scramble Word % Correct
????
56.7%
????
56.4%
????
55.8%
????
55.5%
????
48.4%
????
48.1%
????
47.8%
????
45%
????
44.7%
????
41.3%
????
38.5%
????
34.3%
????
33%
????
32.1%
????
31.7%
????
28.7%
????
28.1%
????
25.4%
????
25%
????
24.5%
????
20.8%
????
20.3%
????
19.7%
????
16.1%
????
15.8%
????
14.4%
????
13.9%
????
13%
????
11.8%
????
11.3%

You're not logged in!

Compare scores with friends on all Sporcle quizzes.
OR
Log In

You Might Also Like...

Show Comments

Extras

Top Quizzes Today


Score Distribution

Your Account Isn't Verified!

In order to create a playlist on Sporcle, you need to verify the email address you used during registration. Go to your Sporcle Settings to finish the process.

Report this User

Report this user for behavior that violates our Community Guidelines.

Details: